| 000 | 02304nam a22003377a 4500 | ||
|---|---|---|---|
| 005 | 2009111306196.0 | ||
| 008 | 091113t xxu||||| |||| 00| 0 eng d | ||
| 010 | _aENG-95441 B-426502-507 | ||
| 020 |
_a8183241174 _c695.00 |
||
| 035 | _aEN-78974 B-426502-507 | ||
| 037 | _bDBAD/PUB | ||
| 037 | _bRBC/VEen | ||
| 040 | _aDPL | ||
| 082 | _a954.0841 | ||
| 100 |
_aSharma, S.K. _929725 |
||
| 245 |
_aQuit India movement : _cby S.K. Sharma _ba challenge to the British power in India |
||
| 260 |
_aNew Delhi _bMittal Publications _c2009 |
||
| 270 |
_a4594/9, Darya Ganj _bNew Delhi _e110002 |
||
| 300 |
_avii, 249p. _c22 cm.(Hb) |
||
| 500 | _aIncludes index. | ||
| 942 |
_2ddc _cEN _mSHA _h954.0841 |
||
| 999 |
_c31778 _d31778 |
||